000 00477cam a2200157 4500500
005 20251012003932.0
041 _afre
042 _adc
100 1 0 _aRonsin, Gaёlle
_eauthor
700 1 0 _a Gamblin, Guillaume
_eauthor
245 0 0 _aL’écologie, un problème colonial
260 _c2021.
500 _a77
786 0 _nSilence | 501 | 7 | 2021-07-07 | p. 4-4 | 0756-2640
856 4 1 _uhttps://shs.cairn.info/revue-silence-2021-7-page-4?lang=fr&redirect-ssocas=7080
999 _c1513687
_d1513687